| 000 | 01682nam0a2200385 4500 | ||
|---|---|---|---|
| 001 | RU\NLR\bibl\967696 | ||
| 005 | 20250614210220.0 | ||
| 010 |
_a5-17-033887-2 _bАСТ |
||
| 010 |
_a5-271-12662-5 _bАстрель |
||
| 010 |
_a5-9578-3371-1 _bТранзиткнига _92000 |
||
| 021 |
_aRU _b2006-35228 _91761 |
||
| 035 | _a(NLR Aleph) 000955673 | ||
| 090 |
_a307612 _c307612 |
||
| 100 | _a20060714d2006 |||y0rusy50 ca | ||
| 101 | 0 | _arus | |
| 102 | _aRU | ||
| 105 | _ay ||||||||| | ||
| 200 | 1 |
_aАнгло-русский словарь сокращений в современной военной технике связи _eсвыше 20000 единиц _fП.В. Белянский |
|
| 210 |
_aМосква _cАСТ [и др.] _d2006 |
||
| 215 |
_a558,[1] с. _d21 |
||
| 300 | _aНа обл. авт. не указан | ||
| 320 | _aБиблиогр. в конце кн. | ||
| 606 | 1 |
_aСвязь военная _jСловари сокращений _xАппаратура _xТерминология _92435772 _3RU\NLR\auth\661449438 |
|
| 606 | 1 |
_aАнглийский язык _xСловари сокращений _xРусский язык _9974793 _3RU\NLR\auth\6647324 |
|
| 606 | 1 |
_aАнглийский язык _xТерминология военная _xСловари _xРусский язык _9969003 _3RU\NLR\auth\6644262 |
|
| 686 | _aЦ571.4в2я212 | ||
| 686 | _aШ143.21-425 | ||
| 686 | _aШ143.21-434.1 | ||
| 686 | _aШ141.12-434.2 | ||
| 700 | 1 |
_aБелянский _bП. В. _gПавел Васильевич _4070 |
|
| 801 | 0 |
_aRU _bNLR _c20060714 _grcr |
|
| 801 | 1 |
_aRU _bNLR _c20060714 |
|
| 830 | _aавт. раскрыт по кн. | ||
| 942 | _cBOOK | ||
| 980 | _aNB | ||